000 01886cam a22004574i 4500
003 PE-LiUPU
005 20250731184603.0
008 150616s r 000 0 d
020 _a8449948150
035 _a(Sirsi) i9788449948152
040 _aPE-LiUPU
_bspa
_cPE-LiUPU
_erda
049 _aPRUA
082 0 4 _a985
_bV297h
_223
100 1 _aVargas Ugarte, Rubén,
_d1886-1975,
_eautor.
245 1 0 _aHistoria general del Perú :
_bVirreinato (1596-1689) /
_cRubén Vargas Ugarte.
250 _aTercera Edición.
264 1 _aLima :
_bMilla Batres,
_c1981.
300 _a447 páginas :
_bilustraciones ;
_c25 centímetros.
336 _atext
_2rdacontent
337 _aunmediated
_2rdamedia
338 _avolume
_2rdacarrier
505 0 _aGobierno de D. Luis de Velasco -- Desarrollo cultural del virreinato -- La servidumbre personal de los indios -- El breve gobierno de Monterrey -- Gobierno del Virrey Montesclaros -- Nuevas entradas y conquistas -- Gobierno del virrey Esquilache -- Auge industrial del virreinato -- Guerras en el gobierno de Guadalcázar -- Gobierno del conde de Chinchón -- Mancera y conde de Salvatierra -- Los virreyes Alba de Liste y conde de Santisteban -- Virreinato del conde de Lemos -- Gobierno del conde de Castellar -- Gobierno del duque de la Palata.
526 _aP136
526 _aP135
526 _aP134
526 _aP133
526 _aP144
526 _aP143
526 _aP87
526 _aP35
526 _aP20
526 _aP14
526 _aP10
526 _aP06
651 1 4 _aPerú
_xHistoria
_yColonia, 1596-1689.
_92271
910 _ajck
942 _2ddc
_cBK
_n0
949 _a985 V297 3
_wDEWEY
_c1
_i23903
_lCCODEBUL1
_mBUL
_r0
_sY
_tBOOK
_u2015-4-23
_xEDUCACION
_0COMPRA
_o.STAFF. Colección General
980 _81
_gALBERTO SANCHEZ Responsable de Automatización
999 _c56405
_d56405